LEADER 01193nam 2200397 450 001 9910467535303321 005 20191219093052.0 010 $a1-78973-055-4 010 $a1-78973-057-0 035 $a(CKB)4100000009934237 035 $a(MiAaPQ)EBC5984432 035 $a(EXLCZ)994100000009934237 100 $a20191219d2020 uy 0 101 0 $aeng 135 $aurcnu|||||||| 181 $ctxt$2rdacontent 182 $cc$2rdamedia 183 $acr$2rdacarrier 200 10$aIntegrating gender in agricultural development $elearnings from South Pacific contexts /$fLila Singh-Peterson, Michelle Carnegie 210 1$aBingley :$cEmerald Publishing Limited,$d[2020] 210 4$d©2020 215 $a1 online resource (204 pages) 311 $a1-78973-056-2 606 $aWomen in agriculture 608 $aElectronic books. 615 0$aWomen in agriculture. 676 $a338.1082 700 $aSingh-Peterson$b Lila$0967224 702 $aCarnegie$b Michelle 801 0$bMiAaPQ 801 1$bMiAaPQ 801 2$bMiAaPQ 906 $aBOOK 912 $a9910467535303321 996 $aIntegrating gender in agricultural development$92195736 997 $aUNINA LEADER 01367cam0 22003131 450 001 SOBE00070743 005 20220406140725.0 010 $a978179988468 100 $a20220406d2022 |||||ita|0103 ba 101 $aeng 102 $aUS 200 1 $aApplied Ethics in a digital World$fIngrid Vasiliu-Feltes, Jane Thomason 210 $aHershey/PA (Usa)$cIGI Global$d2022 215 $aXXIII, 316 p.$d28 cm 225 2 $aAdvances in human and social aspects of technology (AHSAT) 410 1$1001SOBE00070773$12001 $a*Advances in human and social aspects of technology (AHSAT) 500 10$aApplied Ethics in a digital World$3SOBA00023229$92806073 676 $a174.9004$v22$3SOBA00023253 700 1$aVisiliu-Feltes$b, Ingrid$3SOBA00023231$4070$01214965 701 1$aThomason, Jane$3SOBA00023232$4070$01214966 801 0$aIT$bUNISOB$c20220406$gRICA 850 $aUNISOB 852 $aUNISOB$jFondo|ReCEPL$m175718 912 $aSOBE00070743 940 $aM 102 Monografia moderna SBN 941 $aM 957 $aFondo|ReCEPL$b000132$gCON$d175718$n20220405$racquisto$1bethb$2UNISOB$3UNISOB$420220406090704.0$520220406140725.0$6menle$fConsultabile presso il Centro di ricerca di diritto privato europeo (ReCEPL); modalità di consultazione sulla home page della Biblioteca link Fondi 996 $aApplied Ethics in a digital World$92806073 997 $aUNISOB